Central Library OPAC University of Rajshahi

রক্তাক্ত মানচিত্র / (Record no. 78484)

MARC details
000 -LEADER
fixed length control field 01084nam a2200241 a 4500
001 - CONTROL NUMBER
control field 78484
003 - CONTROL NUMBER IDENTIFIER
rucl marc code BD-RjUL
005 - DATE AND TIME OF LATEST TRANSACTION
control field 20211209083132.0
008 - FIXED-LENGTH DATA ELEMENTS--GENERAL INFORMATION
fixed length control field 210927s19741971bg ||||| |||| 00| 0 ben d
020 ## - INTERNATIONAL STANDARD BOOK NUMBER
Terms of availability : Tk.9.00
035 ## - SYSTEM CONTROL NUMBER
System control number (BD-RjUL)78710
040 ## - CATALOGING SOURCE
Original cataloging agency BD-RjUL
Language of cataloging ben
Transcribing agency BD-RjUL
041 ## - LANGUAGE CODE
Language code of text/sound track or separate title ben
082 ## - DEWEY DECIMAL CLASSIFICATION NUMBER
Edition number 23
Classification number 891.44108
Author mark and year RAK 1974
245 00 - TITLE STATEMENT
Title রক্তাক্ত মানচিত্র /
Statement of responsibility, etc. আবদুল হাফিজ সম্পাদিত
260 ## - PUBLICATION, DISTRIBUTION, ETC. (IMPRINT)
Place of publication, distribution, etc. ঢাকা :
Name of publisher, distributor, etc. মুক্তধারা,
Date of publication, distribution, etc. ১৯৭১ [পুনমুর্দ্রণ ১৯৭৪]
300 ## - PHYSICAL DESCRIPTION
Pagination ১৮৬ পৃ. ;
Size ২১ সেমি.
500 ## - GENERAL NOTE
General note "মুজিবনগরে প্রথম প্রকাশ: ডিসেম্বর, ১৯৭১ এবং ঢাকায় পুনমুর্দ্রণ: মার্চ ১৯৭৪"
650 ## - SUBJECT ADDED ENTRY--TOPICAL TERM
Topical term or geographic name as entry element বাংলা কবিতা
General subdivision সংগ্রহ
9 (RLIN) 211962
Topical term or geographic name as entry element Bengali poetry
9 (RLIN) 211963
General subdivision Collection
700 ## - ADDED ENTRY--PERSONAL NAME
Personal name হাফিজ, আবদুল, সম্পাদক
942 ## - ADDED ENTRY ELEMENTS (KOHA)
Source of classification or shelving scheme Dewey Decimal Classification
Koha item type Rare Books
Holdings
Lost status Source of classification or shelving scheme Damaged status Not for loan Collection code Permanent Location Current Location Shelving location Date acquired Source of acquisition Cost, normal purchase price Total Checkouts Full call number Date last seen Copy number Koha item type
  Dewey Decimal Classification   Not For Loan Rare Books Central Library, University of Rajshahi Central Library, University of Rajshahi Rare Book Section 05/06/1983 Dhaka, Muktadhara 9.00   BRA 891.44108 RAK 1974 27/09/2021 C-1 Rare Books